00309nam a2200109Ia 4500008004100000082001400041100002100055245005200076250000800128260002300136650004000159150201s2008 xx 000 0 und d a610bE08D aDATTA,CHNDRANI S aESSENTIALS OF BIOMEDICAL INSTRUMENTS& TECHNIQUE a1ST bAITBSaDELHIc2008 aOTHER CLINICAL & NON CLINICAL BOOKS